Entry Personal Name
Number of records used in: 1
001 - CONTROL NUMBER
003 - CONTROL NUMBER IDENTIFIER
005 - DATE AND TIME OF LATEST TRANSACTION
- control field:
20260226162522.0
008 - FIXED-LENGTH DATA ELEMENTS
- fixed length control field:
260226|| aca||aabn | a|a d
040 ## - CATALOGING SOURCE
- Original cataloging agency:
JRU
- Transcribing agency:
JRU
100 ## - HEADING--PERSONAL NAME
- Personal name:
MUKHIA ,HARBANS
670 ## - SOURCE DATA FOUND
- Source citation:
Work cat.: (JRU)9041: MUKHIA ,HARBANS, HISTORY OF TECHNOLOGY IN INDIA -VOL - II, 2012